Special events : a new generation and the next frontier (Record no. 216887)
[ view plain ]
| 000 -LEADER | |
|---|---|
| fixed length control field | 00502nam a2200181Ia 4500 |
| 008 - FIXED-LENGTH DATA ELEMENTS--GENERAL INFORMATION | |
| fixed length control field | 231221s9999 xx 000 0 und d |
| 020 ## - INTERNATIONAL STANDARD BOOK NUMBER | |
| International Standard Book Number | 9780000000000 |
| 041 ## - LANGUAGE CODE | |
| Language code of text/sound track or separate title | English |
| 082 ## - DEWEY DECIMAL CLASSIFICATION NUMBER | |
| Classification number | 394.2 GOL;1 R |
| 100 ## - MAIN ENTRY--PERSONAL NAME | |
| Personal name | Goldblatt, Joe. |
| 245 #0 - TITLE STATEMENT | |
| Title | Special events : a new generation and the next frontier |
| 250 ## - EDITION STATEMENT | |
| Edition statement | 6th ed. |
| 260 ## - PUBLICATION, DISTRIBUTION, ETC. | |
| Date of publication, distribution, etc. | 2011 |
| Name of publisher, distributor, etc. | John Wiley & Sons |
| Place of publication, distribution, etc. | New Jersey |
| 300 ## - PHYSICAL DESCRIPTION | |
| Extent | xxv, 550 p. |
| 440 ## - SERIES STATEMENT/ADDED ENTRY--TITLE | |
| Title | The Wiley event management series |
| 500 ## - GENERAL NOTE | |
| General note | Missing 2020 |
| 942 ## - ADDED ENTRY ELEMENTS (KOHA) | |
| Koha item type | Hotel Management Library |
| Date last seen | Total checkouts | Full call number | Accession number | Cost, total (INR) price | Price effective from | Category | Public note | Lost status | Damaged status | Department | Withdrawn status | Home library | Current library | Shelving location | Entry date | Vendor | Cost, normal purchase price | Grants | Billnumber | Currency symbol | Conversion rate | Discount | Old discount |
|---|---|---|---|---|---|---|---|---|---|---|---|---|---|---|---|---|---|---|---|---|---|---|---|
| 26/01/2024 | 394.2 GOL;1 R | HM1524 | 4069.00 | 26/01/2024 | Hotel Management Library | 12:00.0 | HEM | Central Library | Central Library | HM | Surya Infotainment Products Pvt. Ltd. | 86.95 | HM | SIPHO/2013/CRB/1164 | USD | 65 | 24.35 | 28 |
